000 00682nam a2200205 i 4500
001 149410
003 ES-MaACL
005 20230906203106.0
007 t|
008 071022s1906 sp ||||1| spa d
080 _a94(460.353 Écija)
100 1 _aVarela y Escobar, Manuel.
_9113175
245 1 0 _aBosquejo histórico de la ciudad de Écija formado desde sus primitivos tiempos hasta la época contemporánea /
_cManuel Varela y Escobar.
246 3 4 _aProezas astigitanas.
250 _aÚltima ed.
260 _aSevilla :
_b[s.n.],
_c1906 (
_fFrancisco de P. Díaz)
300 _a175 p. ;
_c18 cm.
651 4 _aEcija-
_xHistoria.
_9151818
852 4 _aES-MaACL
_jT-1077-F-2
999 _c149410
_d149410